Most Points For Each Day Of The 2014-15 NBA Regular Season - Statistics

General Stats
  • This quiz has been taken 22 times
  • The average score is 28 of 64
Answer Stats
Team Player Days Led % Correct
Houston Rockets James Harden 19
100%
Oklahoma City Thunder Kevin Durant 5
100%
Oklahoma City Thunder Russell Westbrook 16
95%
Golden State Warriors Stephen Curry 8
95%
Cleveland Cavaliers LeBron James 9
89%
Los Angeles Clippers Chris Paul 1
74%
Golden State Warriors Klay Thompson 6
74%
Cleveland Cavaliers Kyrie Irving 7
74%
Portland Trail Blazers Damian Lillard 7
68%
Miami Heat Dwyane Wade 3
68%
Charlotte Hornets Kemba Walker 2
68%
Los Angeles Lakers Kobe Bryant 4
68%
New York Knicks Carmelo Anthony 5
63%
Golden State Warriors Draymond Green 1
63%
Boston Celtics Jeff Green 1
63%
San Antonio Spurs Kawhi Leonard 1
63%
New Orleans Pelicans Anthony Davis 8
58%
Los Angeles Clippers Blake Griffin 3
58%
Miami Heat Chris Bosh 3
58%
Sacramento Kings DeMarcus Cousins 6
58%
Dallas Mavericks Dirk Nowitzki 1
58%
Chicago Bulls Jimmy Butler 2
58%
Toronto Raptors DeMar DeRozan 3
53%
Houston Rockets Dwight Howard 1
53%
Washington Wizards John Wall 2
53%
Toronto Raptors Kyle Lowry 2
53%
Portland Trail Blazers LaMarcus Aldridge 6
53%
San Antonio Spurs Tony Parker 1
53%
Washington Wizards Bradley Beal 1
47%
Boston Celtics Isaiah Thomas 1
47%
Toronto Raptors Lou Williams 1
47%
Memphis Grizzlies Marc Gasol 3
47%
Memphis Grizzlies Mike Conley 1
47%
Minnesota Timberwolves Mo Williams 1
47%
Chicago Bulls Pau Gasol 2
47%
Atlanta Hawks Paul Millsap 1
47%
Minnesota Timberwolves Andrew Wiggins 1
42%
Oklahoma City Thunder Reggie Jackson 1
42%
Utah Jazz Gordon Hayward 2
37%
Orlando Magic Victor Oladipo 1
37%
Minnesota Timberwolves Kevin Martin 4
32%
Minnesota Timberwolves Zach LaVine 1
32%
Brooklyn Nets Brook Lopez 1
26%
Denver Nuggets Danilo Gallinari 2
26%
Miami Heat Luol Deng 1
26%
Orlando Magic Nikola Vučević 2
26%
Oklahoma City Thunder Perry Jones 1
26%
Phoenix Suns Eric Bledsoe 1
21%
Sacramento Kings Rudy Gay 2
21%
Charlotte Hornets Al Jefferson 1
16%
Detroit Pistons Brandon Jennings 3
16%
Denver Nuggets Kenneth Faried 1
16%
Phoenix Suns Markieff Morris 2
16%
Dallas Mavericks Monta Ellis 2
16%
New Orleans Pelicans Ryan Anderson 1
16%
New Orleans Pelicans Tyreke Evans 2
16%
Portland Trail Blazers Wesley Matthews 1
16%
Milwaukee Bucks Brandon Knight 1
11%
Indiana Pacers C.J. Miles 1
11%
Charlotte Hornets Gerald Henderson 2
11%
Denver Nuggets Wilson Chandler 1
11%
Milwaukee Bucks Ersan İlyasova 1
5%
Boston Celtics Kelly Olynyk 1
5%
Indiana Pacers Rodney Stuckey 1
0%
No matching quizzes found
Score Distribution
Percent of People with Each Score
Percentile by Number Answered
Your Score History
You have not taken this quiz